music trivia: "Q's" - Statistics

General Stats
  • This quiz has been taken 66 times
    26 since last reset
  • The average score is 7 of 15
Answer Stats
Hint Answer % Correct
There are 2 songs on David Bowie's album Hunky Dory that start with a "Q". Name either one. _____sand or _____ Bitch Quick or Queen
92%
Though their drummer, Roger Taylor, has been with them since 1970, they tried out a few bass players before they found the right one; John Deacon. Queen
75%
They may be; string, jazz, gospel, barbershop or many other types. The Beatles were one for most of their band's existence, The Kinks and The Who each started out as one, but neither Cream, Simon & Garfunkel, nor The Allman Brothers Band ever were. a quartet
67%
Josh Homme's band post-Kyuss, but pre-Eagles of Death Metal or Them Crooked Vultures. ______ of the Stone Age Queens of the Stone Age
63%
Although Dana Owens began her recording career in Hip-Hop, she transitioned to acting and then took singing roles in movie musicals; Chicago and Hairspray, and recorded two albums singing jazz standards and soul music classics. She is better known as ______ Queen Latifah
54%
Two of this American band's hits were covers of The British band Slade; Cum on Feel the Noize, & Mama Weer All Crazee Now. What's the name of this band? _____ Riot Quiet Riot
54%
This producer/musician/composer/arranger/conductor/executive has received a record 79 Grammy Award nominations and 27 wins. Also nominated 7 times for Academy Awards, he is one of very few people to get at least one #1 record in three consecutive decades. Quincy Jones
50%
In 1973, The Who released a double-album, their sixth studio album. It was the group's second rock opera. What was the name. Quadrophenia
46%
Gary U.S. Bonds is famous for this song and "New Orleans". Bruce Springsteen is a fan-He regularly sang it as a show closer throughout the '70s. _______ to Three Quarter to Three
46%
The sixth track (or track one, side two) on Bob Dylan's Highway 61 Revisited album. _____ Jane Approximately Queen Jane Approximately
46%
This song has been recorded several times by several bands and artists (Dylan, Manfred Mann, The Hollies, The Grateful Dead, Kris Kristofferson, etc.) and it's title has had a few different variations. The Manfred Mann version was a #1 hit on the UK charts, and it was also popular in the U.S. and elsewhere. _____ the Eskimo, or The Mighty _____ Quinn
42%
In Europe and Australia she had several top 10 hits between 1972 and 1980 (notably; Can the Can, Devil Gate Drive and 48 Crash), but in the U.S. she is best known for a character she portrayed on the TV show Happy Days; Leather Tuscadero. Suzi Quatro
42%
Before they were Beatles, John, Paul and George were in this group. The Quarrymen
42%
Equivalent to what is now called 4.0 Surround Sound, and utilizing four independent (or semi-independent) channels to speakers at the four corners of a listening space (opposed to 2 channels in stereo), this revolutionary audio system nonetheless failed commercially despite having thousands of recordings made using it. Quadrophonic Sound
13%
Tegan and Sara are a Canadian indie pop band. Being twins they share a last name, which is....? Quin
13%
No matching quizzes found
Score Distribution
Percent of People with Each Score
Percentile by Number Answered
Your Score History
You have not taken this quiz since the last reset